000
00298nam a22001337a 4500
020
_a
81-7490-088-8
082
_a
823
_b
DHI/T
245
_a
3 IN ONE AESOP'S FABLES
260
_a
DELHI
_b
DHINGRA
300
_a
23
520
_a
ENGLISH SHORT STORY
650
_a
ENGLISH SHORT STORY
_z
DELHI
942
_c
BK
999
_c
5741
_d
5741